00499nam a2200169 a 45000050016000000100017000160200026000330350017000590370008000760820010000841000023000942450055001172600042001722700067002143000028002815000020003092010121604254.0 aB-419018-033 a9788131719244c385.00 aB-419018-033 bUBH a539.7 aSharma, Shatendra  aAtomic and nuclear physics /cby Shatendra Sharma  aNew Delhi bPearson Educations c2008 a14, Local Shopping Centre, Panchsheel ParkbNew Delhi e110017 axix, 599p. c26cm(pbk)  aIncludes index